Four tudor comedies

Guardat en:
Dades bibliogràfiques
Autor principal: Tyderman, William (Autor)
Format: Llibre
Idioma:anglès
Publicat: Londres Penguin Books 1984
Col·lecció:The Penguin English Library
Matèries:
Etiquetes: Afegir etiqueta
Sense etiquetes, Sigues el primer a etiquetar aquest registre!

MARC

LEADER 00000nam a2200000 a 4500
001 UCX3300
003 CL-VaPUC
008 911023e19840000UK |||||||||||||||||eng|d
082 0 4 |a 822  |b TYD  |2 21 
100 0 |a Tyderman, William  |e author  |9 319418 
245 1 0 |a Four tudor comedies 
300 |a 440 p 
942 |c BK 
945 |d 19911023 00:00:00 
260 |a Londres  |b Penguin Books  |c 1984 
650 0 |a Drama inglés  |9 311029 
583 |a last modification  |c 20120708 11:08:27  |k Rodrigo Vera 
490 0 |a The Penguin English Library 
999 |c 224096  |d 224094 
952 |0 0  |1 0  |4 0  |6 822_000000000000000_TYD_1984  |7 0  |8 A  |9 220493  |a BIBEDU  |b BIBEDU  |d 2019-11-15  |i 2892014  |o 822 TYD 1984  |p 2892014  |r 2019-11-15  |w 2019-11-15  |y BK  |k LIT